Precalculus / (Record no. 9303)

MARC details
000 -LEADER
fixed length control field 00950cam a22003014a 4500
001 - CONTROL NUMBER
control field 12507117
003 - CONTROL NUMBER IDENTIFIER
control field OSt
005 - DATE AND TIME OF LATEST TRANSACTION
control field 20211005101210.0
008 - FIXED-LENGTH DATA ELEMENTS--GENERAL INFORMATION
fixed length control field 010820s2002 mau 001 0 eng
010 ## - LIBRARY OF CONGRESS CONTROL NUMBER
LC control number 2001045874
020 ## - INTERNATIONAL STANDARD BOOK NUMBER
International Standard Book Number 0201742446
040 ## - CATALOGING SOURCE
Original cataloging agency DLC
Transcribing agency HU
Modifying agency DLC
042 ## - AUTHENTICATION CODE
Authentication code pcc
050 00 - LIBRARY OF CONGRESS CALL NUMBER
Classification number QA152.3
Item number .B45 2002
082 00 - DEWEY DECIMAL CLASSIFICATION NUMBER
Classification number 512/.13/PEN
Edition number 21
100 1# - MAIN ENTRY--PERSONAL NAME
Personal name Beecher, Judith A.
9 (RLIN) 9967
245 10 - TITLE STATEMENT
Title Precalculus /
Statement of responsibility, etc. Judith A. Beecher, Judith A. Penna, Marvin L. Bittinger.
260 ## - PUBLICATION, DISTRIBUTION, ETC.
Place of publication, distribution, etc. Boston :
Name of publisher, distributor, etc. Addison Wesley,
Date of publication, distribution, etc. c2002.
300 ## - PHYSICAL DESCRIPTION
Extent 759
Other physical details col. ill. ;
Dimensions 27 cm.
500 ## - GENERAL NOTE
General note Includes index.
650 #0 - SUBJECT ADDED ENTRY--TOPICAL TERM
Topical term or geographic name entry element Algebra.
650 #0 - SUBJECT ADDED ENTRY--TOPICAL TERM
Topical term or geographic name entry element Trigonometry.
9 (RLIN) 3471
700 1# - ADDED ENTRY--PERSONAL NAME
Personal name Penna, Judith A.
9 (RLIN) 9968
700 1# - ADDED ENTRY--PERSONAL NAME
Personal name Bittinger, Marvin L.
906 ## - LOCAL DATA ELEMENT F, LDF (RLIN)
a 7
b cbc
c orignew
d 1
e ocip
f 20
g y-gencatlg
942 ## - ADDED ENTRY ELEMENTS (KOHA)
Source of classification or shelving scheme Dewey Decimal Classification
Koha item type Books like text book referance book
Suppress in OPAC No
Holdings
Withdrawn status Lost status Source of classification or shelving scheme Damaged status Not for loan Home library Current library Shelving location Date acquired Total Checkouts Full call number Barcode Date last seen Copy number Price effective from Koha item type
    Dewey Decimal Classification     Natural & Computational Science Library Natural & Computational Science Library General Stacks 10/05/2021   512.13 NSCLIB000016487 10/05/2021 1 10/05/2021 Books like text book referance book